| 000 | 00972nam a2200241Ia 4500 | ||
|---|---|---|---|
| 999 |
_c38015 _d38015 |
||
| 001 | 4000 | ||
| 003 | GE_BSU | ||
| 005 | 20190829150741.0 | ||
| 008 | 181216s1983||||ge |||||||||||||| ||geo|| | ||
| 040 | _cGE_BSU | ||
| 041 | _ageo | ||
| 080 | _a378+171+008 მ–39 | ||
| 100 |
_aმაქაცარია, გენადი _93827 |
||
| 245 |
_aსტუდენტი, მორალი, კულტურა / _cგენადი მაქაცარია; რედ.: ჯ. კორძაია. |
||
| 264 |
_a თბ. : _bთბილ. უნ-ტის გამ-ბა, _c1983. |
||
| 300 |
_a92 გვ. ; _b20 სმ. |
||
| 504 | _a ბიბლიოგრ. ტექსტის შენიშვნებში. | ||
| 541 | _h50 თეთრი. | ||
| 653 | _aსტუდენტობა | ||
| 653 | _aმორალური აღზრდა | ||
| 700 |
_aკორძაია, ჯ. _eრედაქტორი _9945 |
||
| 942 |
_cBK _2udc |
||